|
|
|
|
| LEADER |
00961nam a22002057a 4500 |
| 020 |
|
|
|a 81-240-0083-2
|
| 082 |
|
|
|a 894.M3
|b KRI/A N3
|
| 100 |
|
|
|a വി കൃഷ്ണവാദ്ധ്യാര്;
|9 7049
|
| 100 |
|
|
|a V Krishna Vadhyar
|9 6449
|
| 240 |
|
|
|a Ariyappedaathavar
|
| 245 |
|
|
|a അറിയപ്പെടാത്തവര്
|
| 250 |
|
|
|a 2nd / 1st (1983)
|
| 260 |
|
|
|a Kottayam;
|b Current Books;
|c 1993
|
| 300 |
|
|
|a 180p.
|
| 650 |
|
|
|a മലയാളം; മലയാളം നോവല്
|9 3
|
| 650 |
|
|
|a Malayalam; Malayalam Novel; Literature; Malayalam Fiction
|9 7060
|
| 942 |
|
|
|c BK
|
| 999 |
|
|
|c 32094
|d 32094
|
| 952 |
|
|
|0 0
|1 0
|4 0
|6 894_000000000000000_M3_KRI_A_N3
|7 0
|8 FIC
|9 35370
|a MAL
|b MAL
|d 2015-05-08
|e 40033
|g 35.00
|l 0
|o 894.M3 KRI/A N3
|p MAL040033
|r 2015-05-08
|t 1
|w 2015-05-08
|y BK
|
| 952 |
|
|
|0 0
|1 0
|4 0
|6 894_000000000000000_M3_KRI_A_N31
|7 0
|8 FIC
|9 35371
|a MAL
|b MAL
|d 2015-05-08
|e 40032
|g 35.00
|l 0
|o 894.M3 KRI/A N3;1
|p MAL040032
|r 2015-05-08
|t 2
|w 2015-05-08
|y BK
|